000 00636nam a2200217 4500
001 127452
003 ES-MaACL
005 20250731000520.0
007 t|
008 070214s1967 sp r ||||1| spa d
080 _a929 Pedro, San
100 1 _aRidolfi, Dominique.
_997062
245 1 0 _aSimón Pedro, roca bíblica /
_cDominique Ridolfi ; [traducción de D.K.].
260 _aBilbao :
_bEd. Paulinas,
_c1967.
300 _a267 p. ;
_c18 cm.
490 1 _aTemas de hoy ;
_v3
600 0 7 _aPedro,
_cSanto
_2
_9162517
830 1 _aTemas de hoy ;
_v3
_9184570
852 4 _aES-MaACL
_jC-51385
999 _c127452
_d127452